| 000 | 00516nam a2200217Ia 4500 | ||
|---|---|---|---|
| 008 | 230125s9999 xx 000 0 und d | ||
| 020 | _a81-314-1137-0 | ||
| 041 | _aeng | ||
| 082 |
_a003.54 _bICF |
||
| 100 | _aICFAI | ||
| 245 | _aInformation Technology and Systems | ||
| 250 | _a2nd Ed. | ||
| 260 |
_c2004 _bICFAI publication _aHyderabad |
||
| 300 | _a482p | ||
| 440 | _aICFAI | ||
| 500 | _aIT | ||
| 650 |
_aInformation Technology _9106901 |
||
| 700 | _aICFAI | ||
| 906 | _b150 | ||
| 999 |
_c87182 _d87182 |
||